Capitales más antiguas del mundo - Estadísticas

Estadísticas generales
  • Esta prueba ha sido intentada 31 veces
    20 desde el último reinicio
  • La puntuación promedio es 22 de 30
Estadísticas de respuestas
Pista Ciudad % Correcto
969 El Cairo
100%
1400 a. C. Atenas
100%
1200 a. C. Ankara
94%
1045 a. C. Pekín
94%
1800 a. C. Jerusalén
94%
43 Londres
94%
52 a. C. París
94%
753 a. C. Roma
94%
762 Bagdad
88%
3000 a. C. Damasco
88%
100 Budapest
82%
972 Argel
76%
2500 a. C. Beirut
76%
841 Dublin
76%
865 Madrid
76%
500 a. C. Viena
76%
1200 a. C. Lisboa
71%
880 Praga
71%
700 a. C. Sofia
71%
279 a. C. Belgrado
65%
18 a. C. Seúl
65%
200 Kabul
59%
482 Kiev
59%
782 a. C. Ereván
53%
≈ 600 Nicosia
53%
458 Tiflis
53%
700 a. C. Trípoli
47%
805 Andorra La Vieja
41%
185 Katmandú
35%
194 a. C. Pionyang
35%
No se encontraron pruebas coincidentes
Distribución de puntuación
Porcentaje de gente con cada puntuación
Porcentaje por número respondido
Historial de tus puntuaciones
No has intentado esta prueba desde el último reinicio